Top 50 Hip-Hop Songs of the 2010s - Statistics

General Stats
  • This quiz has been taken 142 times
    108 since last reset
  • The average score is 24 of 50
Answer Stats
Hint Song Rating Answer % Correct
7 Runaway 9.22 Kanye West
97%
16 No More Parties in LA 9.04 Kanye West
97%
29 Devil in a New Dress 8.96 Kanye West
97%
36 Black Skinhead 8.87 Kanye West
97%
39 XO Tour Llif3 8.86 Lil Uzi Vert
96%
1 Sing About Me, I'm Dying of Thirst 9.38 Kendrick Lamar
94%
3 The Blacker the Berry 9.32 Kendrick Lamar
94%
4 Wesley's Theory 9.32 Kendrick Lamar
94%
9 90210 9.21 Travis Scott
90%
15 See You Again 9.06 Tyler the Creator
88%
23 911 / Mr. Lonely 9.00 Tyler the Creator
88%
27 New Magic Wand 8.97 Tyler the Creator
88%
11 I Don't Like 9.19 Chief Keef
87%
25 Love Sosa 9.00 Chief Keef
87%
32 Blew My High 8.92 Chief Keef
87%
10 Codeine Crazy 9.20 Future
73%
20 March Madness 9.01 Future
73%
43 Pick Up The Phone 8.82 Young Thug
61%
40 Location 8.85 Playboi Carti
58%
21 Survival Tactics 9.01 Joey Badass
46%
13 I Love You 9.16 Lil B
43%
47 Peso 8.80 A$AP Rocky
41%
2 Ain't It Funny 9.38 Danny Brown
41%
14 Really Doe 9.08 Danny Brown
41%
17 When it Rain 9.04 Danny Brown
41%
37 Diablo 8.87 Mac Miller
41%
50 Self Care 8.77 Mac Miller
41%
12 Thuggin 9.17 Freddie Gibbs
37%
19 1539 N. Calvert 9.02 JPEGMAFIA
34%
24 Baby I'm Bleeding 9.00 JPEGMAFIA
34%
30 Jesus Forgive Me, I Am a Thot 8.95 JPEGMAFIA
34%
31 Heavenly Father 8.94 Isaiah Rashad
26%
38 Wat's Wrong 8.87 Isaiah Rashad
26%
5 Hacker 9.32 Death Grips
22%
6 On GP 9.31 Death Grips
22%
8 Beware 9.21 Death Grips
22%
26 Mural 8.99 Lupe Fiasco
21%
45 Prom / King 8.81 Saba
20%
22 The Space Program 9.00 A Tribe Called Quest
19%
28 We The People 8.97 A Tribe Called Quest
19%
48 Yeah Right 8.79 Vince Staples
18%
34 Boogie 8.91 BROCKHAMPTON
10%
44 Junky 8.82 BROCKHAMPTON
10%
49 Bleach 8.78 BROCKHAMPTON
10%
18 Be Nice 2 Me 9.03 Bladee
8%
41 Obedient 8.84 Bladee
8%
42 Reagan 8.83 Killer Mike
8%
35 Peroxide 8.90 Ecco2k
6%
33 212 8.92 Azealia Banks
3%
46 Poker Face 8.80 LUCKI
3%
No matching quizzes found
Score Distribution
Percent of People with Each Score
Percentile by Number Answered
Your Score History
You have not taken this quiz since the last reset